Los fichajes más caros del fútbol - Extremos izquierdos - Estadísticas

Estadísticas generales
  • Esta prueba ha sido intentada 74 veces
  • La puntuación promedio es 9 de 10
Estadísticas de respuestas
Coste (M €) Temporada Nacionalidad Último club Nuevo club Jugador % Correcto
222,00 2017-2018 Brasil FC Barcelona PSG Neymar
100%
90,00 2023-2024 Brasil PSG Al-Hilal Neymar
100%
88,00 2013-2014 Brasil Santos FC Barcelona Neymar
100%
117,50 2021-2022 Inglaterra Aston Villa Manchester City Jack Grealish
99%
127,20 2019-2020 Portugal Benfica Atlético Madrid João Félix
99%
115,00 2019-2020 Bélgica Chelsea Real Madrid Eden Hazard
97%
70,00 2022-2023 Ucrania Shakhtar D. Chelsea Mykhaylo Mudryk
91%
85,00 2021-2022 Inglaterra Borussia Dortmund Manchester Unitwed Jadon Sancho
90%
63,70 2015-2016 Inglaterra Liverpool Manchester City Raheem Sterling
87%
60,00 2023-2024 Bélgica Stade Rennes Manchester City Jérémy Doku
86%
No se encontraron pruebas coincidentes
Distribución de puntuación
Porcentaje de gente con cada puntuación
Porcentaje por número respondido
Historial de tus puntuaciones
No has intentado esta prueba.